[Event "Olomouc 2008 - IM - D"]
[Site "?"]
[Date "2008.08.05"]
[Round "9.1"]
[White "Andersson, Fredrik"]
[Black "Shumilov, Illya"]
[Result "1/2-1/2"]
[WhiteElo "2225"]
[BlackElo "2286"]
[PlyCount "86"]
[EventDate "2008.07.30"]

1. d4 Nf6 2. Nf3 d5 3. c4 e6 4. g3 c6 5. Qc2 Be7 6. Bg2 O-O 7. O-O b6 8. Ne5
Bb7 9. Rd1 Nbd7 10. cxd5 cxd5 11. Nc6 Bxc6 12. Qxc6 Rc8 13. Qa4 Qc7 14. Nc3 Qb7
15. Bf4 a6 16. Qb3 b5 17. a3 Nb6 18. Be5 Nfd7 19. e4 dxe4 20. Nxe4 Qa7 21. Nd6
Bxd6 22. Bxd6 Rfd8 23. Be7 Re8 24. Bb4 Nf6 25. Bc5 Qb8 26. Qb4 Nbd5 27. Qa5 Qb7
28. Qd2 Rc7 29. b4 Qc6 30. Rdc1 Qd7 31. a4 bxa4 32. Qd1 Rb8 33. Rxa4 g6 34.
Rxa6 Nxb4 35. Rd6 Qc8 36. Rb1 Nbd5 37. Rxb8 Qxb8 38. Ra6 Rb7 39. Ra1 Kg7 40.
Rc1 Rb2 41. Rc2 Qb3 42. Rc1 Qb7 43. Bd6 Nd7 1/2-1/2

[Event "Olomouc 2008 - IM - D"]
[Site "?"]
[Date "2008.08.05"]
[Round "9.2"]
[White "Husari, Satea"]
[Black "Prikryl, Tomas"]
[Result "1-0"]
[WhiteElo "2362"]
[BlackElo "2058"]
[PlyCount "69"]
[EventDate "2008.07.30"]

1. Nf3 Nf6 2. d4 g6 3. c4 Bg7 4. Nc3 O-O 5. e4 d6 6. Be2 e5 7. O-O exd4 8. Nxd4
a5 9. Be3 Na6 10. Ndb5 Re8 11. f3 Bd7 12. Qd2 Bxb5 13. cxb5 Nc5 14. Rad1 b6 15.
Bc4 Nfd7 16. Rfe1 Ne5 17. Be2 Qh4 18. Bg5 Qh5 19. f4 Ng4 20. h3 Bxc3 21. bxc3
Nxe4 22. Bxg4 Nxd2 23. Rxe8+ Rxe8 24. Bxh5 Ne4 25. Bf3 Nxc3 26. Rd2 Re1+ 27.
Kf2 Rb1 28. Bf6 Rc1 29. Bc6 Kf8 30. g4 d5 31. Bxc3 Rxc3 32. Rxd5 Rxh3 33. Rd7
Rh2+ 34. Bg2 Rh6 35. g5 1-0

[Event "Olomouc 2008 - IM - D"]
[Site "?"]
[Date "2008.08.05"]
[Round "9.3"]
[White "Jurek, Josef"]
[Black "Cerveny, Petr"]
[Result "1-0"]
[WhiteElo "2368"]
[BlackElo "2353"]
[PlyCount "109"]
[EventDate "2008.07.30"]

1. d4 d5 2. c4 c6 3. Nf3 Nf6 4. Nc3 a6 5. a4 e6 6. g3 dxc4 7. Bg2 c5 8. dxc5
Qxd1+ 9. Nxd1 Nc6 10. Be3 Nd5 11. O-O Bd7 12. Nd2 Nxe3 13. Nxe3 Bxc5 14. Nexc4
Ke7 15. Nb3 Bb4 16. a5 Rhd8 17. Ra4 Bd6 18. Nxd6 Kxd6 19. Nd4 Ke7 20. Nxc6+
Bxc6 21. Bxc6 bxc6 22. Rc1 Kd7 23. Rac4 Rdc8 24. Rg4 g6 25. Rf4 f5 26. Rd4+ Kc7
27. e4 Rab8 28. b4 Rb5 29. exf5 Rxf5 30. g4 Rd5 31. Re4 Rcd8 32. Kg2 Rd4 33.
Rc4 e5 34. Rcxd4 Rxd4 35. Rxd4 exd4 36. Kf3 c5 37. bxc5 Kc6 38. h4 Kxc5 39. Ke2
Kd5 40. Kd3 h6 41. f4 Kc5 42. f5 gxf5 43. gxf5 Kd5 44. f6 Ke6 45. Kxd4 Kxf6 46.
Kc5 Ke6 47. Kb6 Kd6 48. Kxa6 Kc6 49. h5 Kc7 50. Kb5 Kb7 51. Kc5 Ka6 52. Kd5
Kxa5 53. Ke5 Kb5 54. Kf5 Kc6 55. Kg6 1-0

[Event "Olomouc 2008 - IM - D"]
[Site "?"]
[Date "2008.08.05"]
[Round "9.4"]
[White "Jurcik, Marian"]
[Black "Reutsky, Sergei"]
[Result "1-0"]
[WhiteElo "2378"]
[BlackElo "2344"]
[PlyCount "65"]
[EventDate "2008.07.30"]

1. d4 f5 2. g3 g6 3. Bg2 Bg7 4. Nh3 Nc6 5. d5 Ne5 6. Nf4 Nf6 7. Nc3 O-O 8. h4
c6 9. h5 gxh5 10. e4 cxd5 11. exd5 Qe8 12. Nb5 Qf7 13. Nc7 Rb8 14. Qd4 d6 15.
Qxa7 Bd7 16. Be3 Rfc8 17. O-O-O Ne8 18. Nxe8 Ra8 19. Nxg7 Rxa7 20. Bxa7 Qxg7
21. Bd4 Be8 22. Bf3 Qg5 23. Bxh5 Bxh5 24. Rxh5 Qg4 25. Bc3 Nd7 26. Rdh1 Nf8 27.
Ne6 Kf7 28. R1h4 Qe2 29. Rxf5+ Kg8 30. Rg5+ Ng6 31. Rxg6+ hxg6 32. Rh8+ Kf7 33.
Ng5# 1-0

[Event "Olomouc 2008 - IM - D"]
[Site "?"]
[Date "2008.08.06"]
[Round "10.1"]
[White "Reutsky, Sergei"]
[Black "Ptacnikova, Lenka"]
[Result "1-0"]
[WhiteElo "2344"]
[BlackElo "2259"]
[PlyCount "77"]
[EventDate "2008.07.30"]

1. e4 c5 2. Nf3 e6 3. d4 cxd4 4. Nxd4 a6 5. Bd3 Nf6 6. O-O d6 7. Kh1 Nc6 8.
Nxc6 bxc6 9. f4 d5 10. Nd2 Be7 11. b3 a5 12. Bb2 Ba6 13. Bxa6 Rxa6 14. e5 Nd7
15. f5 exf5 16. e6 Nf6 17. exf7+ Kxf7 18. Qe2 Qc8 19. Rae1 Ra7 20. Nf3 Rf8 21.
Ng5+ Kg8 22. Ne6 Ne4 23. Nxf8 Bxf8 24. Qe3 Re7 25. c4 dxc4 26. bxc4 c5 27. Rd1
Rd7 28. Rxd7 Qxd7 29. Qf4 g6 30. Qe5 Bg7 31. Qxg7+ Qxg7 32. Bxg7 Kxg7 33. Rb1
Nc3 34. Rb7+ Kf6 35. Rxh7 Ke5 36. Rg7 Nxa2 37. Rxg6 Nb4 38. Rg8 Kd4 39. h4 1-0

[Event "Olomouc 2008 - IM - D"]
[Site "?"]
[Date "2008.08.06"]
[Round "10.3"]
[White "Prikryl, Tomas"]
[Black "Jurek, Josef"]
[Result "0-1"]
[WhiteElo "2058"]
[BlackElo "2368"]
[PlyCount "74"]
[EventDate "2008.07.30"]

1. e4 e6 2. d3 d5 3. Nd2 Nf6 4. Ngf3 c5 5. g3 Nc6 6. Bg2 Be7 7. O-O b6 8. Re1
Bb7 9. e5 Nd7 10. Nf1 Qc7 11. Bf4 O-O-O 12. Ne3 Nd4 13. Nxd4 cxd4 14. Nxd5 Bxd5
15. Bxd5 g5 16. Bxg5 Bxg5 17. Bg2 h5 18. f4 Be7 19. Rc1 Bb4 20. c3 dxc3 21. d4
b5 22. Qd3 a6 23. a3 Nc5 24. Qe2 cxb2 25. axb4 bxc1=Q 26. Rxc1 Qd7 27. Rxc5+
Kb8 28. Kf1 Qxd4 29. Rxb5+ Kc8 30. Rc5+ Kd7 31. Rc1 Ke7 32. Qxa6 Qxb4 33. Bf3
Kf8 34. f5 Qb3 35. Be2 Kg7 36. Qc6 Qd5 37. f6+ Kh6 0-1

[Event "Olomouc 2008 - IM - D"]
[Site "?"]
[Date "2008.08.06"]
[Round "10.4"]
[White "Shumilov, Illya"]
[Black "Husari, Satea"]
[Result "1/2-1/2"]
[WhiteElo "2286"]
[BlackElo "2362"]
[PlyCount "20"]
[EventDate "2008.07.30"]

1. d4 Nf6 2. Nf3 b6 3. c4 e6 4. a3 Bb7 5. Nc3 d5 6. cxd5 Nxd5 7. Qc2 Nxc3 8.
bxc3 Be7 9. e4 O-O 10. Bd3 h6 1/2-1/2

[Event "Olomouc 2008 - IM - D"]
[Site "?"]
[Date "2008.08.06"]
[Round "10.5"]
[White "Lahner, Jakub"]
[Black "Andersson, Fredrik"]
[Result "0-1"]
[WhiteElo "2294"]
[BlackElo "2225"]
[PlyCount "100"]
[EventDate "2008.07.30"]

1. d4 Nf6 2. c4 g6 3. Nc3 Bg7 4. e4 d6 5. Nf3 O-O 6. Be2 e5 7. O-O Nc6 8. d5
Ne7 9. Ne1 Nd7 10. Nd3 f5 11. Bd2 Nf6 12. f3 f4 13. c5 g5 14. Rc1 Ng6 15. cxd6
cxd6 16. Nb5 Rf7 17. Qc2 Ne8 18. a4 h5 19. Nf2 Bf8 20. h3 Rg7 21. Qb3 Nh4 22.
Rc2 a6 23. Na3 Nf6 24. Be1 Bd7 25. a5 Rc8 26. Rxc8 Bxc8 27. Nc4 g4 28. fxg4
hxg4 29. hxg4 Nxg4 30. Nxg4 Bxg4 31. Bxg4 Rxg4 32. Qh3 Qg5 33. Bxh4 Rxh4 34.
Qe6+ Kh7 35. Qf7+ Qg7 36. Qxg7+ Kxg7 37. Rf3 Kf6 38. Nb6 Be7 39. Rc3 Bd8 40. b4
Rh7 41. Rc8 Rh8 42. Rc1 Rh7 43. Na8 Rg7 44. Kf2 Rg3 45. Rc8 Be7 46. Rc7 Re3 47.
Rxb7 Rxe4 48. Nc7 Kf5 49. g3 Kg4 50. Ne6 fxg3+ 0-1

[Event "Olomouc 2008 - IM - D"]
[Site "?"]
[Date "2008.08.07"]
[Round "11.2"]
[White "Jurek, Josef"]
[Black "Shumilov, Illya"]
[Result "1/2-1/2"]
[WhiteElo "2368"]
[BlackElo "2286"]
[PlyCount "60"]
[EventDate "2008.07.30"]

1. c4 e6 2. Nf3 d5 3. g3 c6 4. b3 Nf6 5. Bb2 Nbd7 6. Bg2 Bd6 7. d4 O-O 8. Nbd2
b6 9. O-O Bb7 10. e3 Qe7 11. Ne5 Rac8 12. Nxd7 Qxd7 13. e4 dxe4 14. Nxe4 Nxe4
15. Bxe4 Rfd8 16. Qc2 h6 17. c5 Be7 18. Rfd1 Bf6 19. a4 Qe7 20. b4 Rc7 21. b5
cxb5 22. Bxb7 Rxb7 23. c6 Rc7 24. axb5 Qb4 25. Rab1 Qxb5 26. d5 Bxb2 27. Rxb2
Qc5 28. Qxc5 bxc5 29. Rb7 Rxb7 30. cxb7 exd5 1/2-1/2

[Event "Olomouc 2008 - IM - D"]
[Site "?"]
[Date "2008.08.07"]
[Round "11.3"]
[White "Jurcik, Marian"]
[Black "Prikryl, Tomas"]
[Result "1-0"]
[WhiteElo "2378"]
[BlackElo "2058"]
[PlyCount "101"]
[EventDate "2008.07.30"]

1. e4 d6 2. d4 Nf6 3. Nc3 g6 4. Be3 Bg7 5. Qd2 Nc6 6. f3 a6 7. O-O-O e5 8. Nge2
b5 9. Bh6 O-O 10. Bxg7 Kxg7 11. Kb1 b4 12. Nd5 a5 13. Nxf6 Qxf6 14. d5 Na7 15.
c3 Rd8 16. cxb4 axb4 17. Rc1 Bd7 18. Rxc7 Nb5 19. Rb7 b3 20. axb3 Rab8 21. Rxb8
Rxb8 22. h4 Qd8 23. h5 g5 24. Nc1 Nd4 25. Bc4 h6 26. Ne2 Nxb3 27. Bxb3 Rxb3 28.
Rc1 Qb6 29. Rc3 Ba4 30. Rxb3 Bxb3 31. Nc1 Qg1 32. Qb4 Bd1 33. Qxd6 Qd4 34. Qa3
g4 35. Qd3 g3 36. d6 Kf6 37. f4 Qxd3+ 38. Nxd3 exf4 39. e5+ Ke6 40. Nxf4+ Kd7
41. Kc1 Bg4 42. Kd2 f6 43. Nd5 Bh3 44. exf6 Be6 45. Nf4 Bf7 46. Ke3 Kxd6 47.
Kd4 Bb3 48. Ke4 Kd7 49. Ke5 Ke8 50. Ne2 Kf7 51. Nxg3 1-0

[Event "Olomouc 2008 - IM - D"]
[Site "?"]
[Date "2008.08.07"]
[Round "11.4"]
[White "Ptacnikova, Lenka"]
[Black "Cerveny, Petr"]
[Result "0-1"]
[WhiteElo "2259"]
[BlackElo "2353"]
[PlyCount "126"]
[EventDate "2008.07.30"]

1. Nf3 e6 2. g3 b5 3. Bg2 Bb7 4. d3 Nf6 5. e4 d6 6. O-O c5 7. Re1 Nbd7 8. Nbd2
Qc7 9. d4 cxd4 10. Nxd4 a6 11. c3 Nb6 12. Qe2 g6 13. N2b3 Rc8 14. e5 dxe5 15.
Bxb7 Qxb7 16. Qxe5 Be7 17. Bh6 Qd5 18. Qf4 Qh5 19. Bg7 Nfd5 20. Qf3 Rg8 21.
Qxh5 gxh5 22. Bh6 Na4 23. Re2 Rg6 24. Bc1 h4 25. Nf3 hxg3 26. hxg3 h5 27. Kf1
Rg4 28. Ne5 Rg8 29. Nd3 h4 30. Nf4 Rd8 31. gxh4 Bxh4 32. Nxd5 Rxd5 33. Be3 Bf6
34. Rae1 Rh5 35. Rc2 Rg4 36. Ke2 Bg5 37. Bxg5 Rgxg5 38. Nd4 Nc5 39. Kd2 Rg2 40.
Re2 Rhh2 41. Ke3 e5 42. Nf5 Rg5 43. Nd6+ Ke7 44. Ne4 Rh3+ 45. f3 Nxe4 46. Kxe4
Ke6 47. c4 Rh1 48. Kd3 Rd1+ 49. Ke3 bxc4 50. Rc3 Rf5 51. Rec2 Rf4 52. Ra3 Kf5
53. Rxa6 Rd3+ 54. Ke2 Rdxf3 55. Rxc4 Rf2+ 56. Ke1 Rxc4 57. Kxf2 Rc2+ 58. Ke3
Rxb2 59. Ra4 Rh2 60. Kf3 Rh3+ 61. Kg2 Rc3 62. Kf2 e4 63. Ra6 Ke5 0-1

[Event "Olomouc 2008 - IM - D"]
[Site "?"]
[Date "2008.08.07"]
[Round "11.5"]
[White "Klima, Lukas"]
[Black "Reutsky, Sergei"]
[Result "1/2-1/2"]
[WhiteElo "2439"]
[BlackElo "2344"]
[PlyCount "34"]
[EventDate "2008.07.30"]

1. e4 e6 2. d4 d5 3. Nd2 dxe4 4. Nxe4 Nd7 5. Nf3 Ngf6 6. Bg5 h6 7. Nxf6+ Nxf6
8. Bh4 Be7 9. Bd3 O-O 10. Bxf6 Bxf6 11. Qe2 Qd5 12. O-O Rb8 13. c4 Qh5 14. Qe4
Qf5 15. Qe3 Qh5 16. Qe4 Qf5 17. Qe3 Qh5 1/2-1/2